000 00305nam a22001337a 4500
008 170216b xxu||||| |||| 00| 0 eng d
020 _a9781416059059
041 _aeng
080 _211TH
_a615
100 _a5
101 _aSHF
245 _aINTRODUCTION TO PHARMACOLOGY
_cASPERHEIM, M,K
942 _2udc
_cBK
999 _c5751
_d5751